| 000 | 01453nam a2200313 4500 | ||
|---|---|---|---|
| 003 | CO-CtgCURN | ||
| 005 | 20250329165429.0 | ||
| 008 | 160531s2007 000 0 eng d | ||
| 040 |
_aCO-CtgCURN _bspa _ccoctgcurn |
||
| 082 | 0 |
_aENF 2007 _bH557 |
|
| 100 | 1 | _aHernández Cabrera, Yurleidys. | |
| 245 | 1 | 0 |
_aEstudio comparativo de productos utilizados para el manejo de ulceras por presion / _cYurleydis Hernández Cabrera, Ernelda Jiménez Larios, Yuris Lozano Rodelo ; asesor, Andres Bedoya Ossa. |
| 260 |
_aCartagena de Indias : _bCorporación Universitaria Rafael Núñez, _c2007. |
||
| 300 | _a53 h. | ||
| 336 | _2rdacontent | ||
| 337 |
_2rdamedia _asin mediacion _bn |
||
| 338 |
_2rdacarrier _avolumen _bnc |
||
| 500 | _aIncluye anexos. | ||
| 502 | _aTrabajo de grado (Enfermera (o)). Corporación Universitaria Rafael Nuñez. Facultad de Ciencias de la Salud. Programa de Enfermeria, 2007. | ||
| 504 | _aIncluye bibliografia. | ||
| 590 | _aEnfemeria | ||
| 650 | 0 |
_aEnfermeria _vTesis y disertaciones academicas. |
|
| 700 | 1 | _aJiménez Larios, Ernelda. | |
| 700 | 1 | _aLozano Rodelo, Yuris. | |
| 700 | 1 |
_aBedoya Ossa, Andres, _easesor. |
|
| 856 | 7 |
_uhttps://unicurn.sharepoint.com/:b:/s/biblioteca/EeoKOjUFDG9GtFVSb9xvaQYBMbsoH7YoWKAlxTYq-Vzzag?e=ADOFM3 _zClick aqui para ver el recurso en texto completo |
|
| 942 |
_hENF 2007 _iH557 _2ddc _cTG |
||
| 999 |
_c3721 _d3721 |
||